Confesiones de Santivan: recuerdos literarios
Gespeichert in:
| 1. Verfasser: | |
|---|---|
| Format: | Buch |
| Sprache: | Spanisch |
| Veröffentlicht: |
Santiago
Zig-Zag
1958
|
| Schriftenreihe: | Biblioteca de Novelistas
|
| Schlagworte: | |
| Tags: |
Tag hinzufügen
Keine Tags, Fügen Sie den ersten Tag hinzu!
|
MARC
| LEADER | 00000cam a2200000 a 4500 | ||
|---|---|---|---|
| 001 | UCZ2436 | ||
| 003 | CL-VaPUC | ||
| 008 | 951005e19580000CL |||||||||||||||||spa|d | ||
| 082 | 0 | 4 | |a Ch864 |b SAN |2 21 |
| 100 | 0 | |a Santivan, Fernando |e author |9 346198 | |
| 245 | 1 | 0 | |a Confesiones de Santivan: recuerdos literarios |
| 300 | |a 284 p | ||
| 942 | |c BK | ||
| 945 | |d 19951005 00:00:00 |a rbrito | ||
| 260 | |a Santiago |b Zig-Zag |c 1958 | ||
| 650 | 0 | |a Literatura chilena |9 308278 | |
| 650 | 0 | |a Crítica literaria |9 269189 | |
| 650 | 0 | |a Ensayos chilenos |9 269132 | |
| 583 | |a last modification |c 20130822 05:55:31 |k Rodrigo Vera | ||
| 490 | 0 | |a Biblioteca de Novelistas | |
| 999 | |c 239036 |d 239034 | ||
| 952 | |0 0 |1 0 |4 0 |6 CH_864_000000000000000_SAN_1958 |7 0 |8 A |9 249817 |a BIBEDU |b BIBEDU |d 2019-11-18 |i 3137732 |o Ch864 SAN 1958 |p 3137732 |r 2019-11-18 |w 2019-11-18 |y BK |k LIT | ||
| 952 | |0 0 |1 0 |4 0 |6 CH_864_000000000000000_SAN_1958 |7 0 |8 A |9 249818 |a BIBEDU |b BIBEDU |d 2019-11-18 |i 1453874 |o Ch864 SAN 1958 |p 1453874 |r 2019-11-18 |w 2019-11-18 |y BK |k LIT | ||
| 952 | |0 0 |1 0 |3 erb |4 0 |6 CH_864_000000000000000_SAN_1958 |7 0 |8 X |9 249819 |a FDOBUD |b FDOBUD |d 2019-11-18 |i 4998502 |o Ch864 SAN 1958 |p 4998502 |r 2019-11-18 |w 2019-11-18 |y BK_X |z Catalogado en:20130829 |k BUD | ||